MARC details
| 000 -LEADER |
| campo de control de longitud fija |
02319cac a2200265 a 4500 |
| 003 - IDENTIFICADOR DE NÚMERO DE CONTROL |
| campo de control |
CO-PeBPM |
| 005 - FECHA Y HORA DE LA ÚLTIMA TRANSACCIÓN |
| campo de control |
20250830093225.0 |
| 008 - DATOS DE LONGITUD FIJA--INFORMACIÓN GENERAL |
| campo de control de longitud fija |
231129s1996||||ck |||||||||||||| ||spa|| |
| 020 ## - NÚMERO INTERNACIONAL ESTÁNDAR DEL LIBRO |
| Número Internacional Estándar del Libro |
9582002743 |
| 040 ## - FUENTE DE CATALOGACIÓN |
| Centro catalogador/agencia de origen |
CO-PeBPM |
| Lengua de catalogación |
spa |
| Centro/agencia transcriptor |
CO-PeBPM |
| Normas de descripción |
rda |
| 041 ## - CÓDIGO DE IDIOMA |
| Código de lengua del texto/banda sonora o título independiente |
spa |
| 082 04 - NÚMERO DE LA CLASIFICACIÓN DECIMAL DEWEY |
| Número de clasificación |
370.19 M516r |
| Número de edición |
22 |
| 100 1# - ENTRADA PRINCIPAL--NOMBRE DE PERSONA |
| Nombre de persona |
Mejía J., Marco Raúl |
| Término indicativo de función/relación |
autor |
| 245 10 - MENCIÓN DEL TÍTULO |
| Título |
Reconstruyendo la transformación social: movimientos sociales y educación popular |
| Mención de responsabilidad, etc. |
/ Marco Raúl Mejía J. |
| 250 ## - MENCION DE EDICION |
| Mención de edición |
Primera edición |
| 260 ## - PUBLICACIÓN, DISTRIBUCIÓN, ETC. |
| Lugar de publicación, distribución, etc. |
Bogotá, Colombia |
| Nombre del editor, distribuidor, etc. |
: Cooperativa Editorial Magisterio |
| Fecha de publicación, distribución, etc. |
, c1996 |
| 300 ## - DESCRIPCIÓN FÍSICA |
| Extensión |
99 páginas |
| Dimensiones |
21 centímetros |
| 490 ## - MENCIÓN DE SERIE |
| Mención de serie |
Mesa redonda |
| Designación de volumen o secuencia |
43 |
| 500 ## - NOTA GENERAL |
| Nota general |
Incluye índice |
| 504 ## - NOTA DE BIBLIOGRAFÍA, ETC. |
| Nota de bibliografía, etc. |
Incluye bibliografía al final del texto |
| 520 ## - RESUMEN, ETC. |
| Sumario, etc. |
Este libro es el resultado de múltiples conversaciones y debates sobre el futuro de la protesta, la impugnación y el pensamiento crítico, y, en ese sentido, contiene las ideas de múltiples personas que hoy creen posible la reinvención de la transformación social. Las ideas recogidas aquí y allá tienen la intención de articularse en una cierta unidad temática con la finalidad de recoger y anudar ideas de cara a construir la nueva impugnación. Se nos a hablado de fin de la utopía, fin de las ideologías y hasta del fin de la historia, y se nos ha colocado en un pragmatismo que no nos permite volver a pensar los sentidos de la protesta, descalificando todo intento de impugnación o develamiento, ya bien con la catapulta de la industria cultural de masas o con la inclusión de la protesta y los sujetos críticos en su utopía del consumo surgida en el advenimiento de la representación y la imagen de la nueva clase de servicios. De la capacidad para crear, para inventar y para imaginar en un balance del pasado, va a depender la construcción de vida con sentido y esperanza para los excluidos de este capitalismo triunfante del fin de siglo. También va a depender de la capacidad de deconstruir y reconstruir historias, procesos, pensamientos, movimientos. En este tránsito nos jugaremos la posibilidad de impugnación y pensamiento crítico en el próximo milenio |
| 650 14 - PUNTO DE ACCESO ADICIONAL DE MATERIA--TÉRMINO DE MATERIA |
| Término de materia o nombre geográfico como elemento de entrada |
Movimientos sociales |
| Fuente del encabezamiento o término |
LEMB |
| 650 14 - PUNTO DE ACCESO ADICIONAL DE MATERIA--TÉRMINO DE MATERIA |
| Término de materia o nombre geográfico como elemento de entrada |
Educación popular - Ensayos, conferencias, etc. |
| Fuente del encabezamiento o término |
LEMB |
| 942 ## - ELEMENTOS DE ENTRADA SECUNDARIOS (KOHA) |
| Fuente del sistema de clasificación o colocación |
Clasificación Decimal Dewey |
| Tipo de ítem Koha |
Libros |